| 000 | 00963nam a2200289 i 4500 | ||
|---|---|---|---|
| 003 | DO-SdBNP | ||
| 005 | 20240809113959.0 | ||
| 007 | ta | ||
| 008 | 24085 s2014 dr 000 j spa d | ||
| 020 | _a1400095808 | ||
| 040 |
_aDO-SdBNP _bspa _cBNPHU _erda |
||
| 082 | 4 |
_aC863.44 _bG216m _222 |
|
| 100 | 1 |
_aGarcía Márquez, Gabriel, _b1928-2014 _eautor _91804 _d1928-2014 |
|
| 245 | 1 | 0 |
_aMemoria de mis putas tristes / _cGabriel García Márquez. |
| 250 | _aPrimera edición | ||
| 264 | 4 |
_aNueva York : _bEditorial Vintage Español, _c©2004 |
|
| 300 |
_a109 páginas ; _c21 cm. |
||
| 336 |
_2rdacontent _atexto _btxt |
||
| 337 |
_2rdamedia _asin mediación _bn |
||
| 338 |
_2rdacarrier _avolumen _bnc |
||
| 500 | _aLa primera novela de García Márquez en diez años | ||
| 590 | _aInventariado, 2024/ DG | ||
| 650 | 4 |
_aNovela Colombiana _91243 |
|
| 650 | 4 |
_aLiteratura colombiana _91244 |
|
| 910 | _aDG. Validado, control de calidad/MAA | ||
| 942 |
_2ddc _cLBS1 |
||
| 999 |
_c57377 _d57377 |
||